000 00665nam a2200229 a 4500
008
020 _a0205087906 (pbk.)
049 _aMAIN
090 _aQA276.12
_bOLS
100 1 _aOlson, Chester L.
245 1 0 _aStatistics, making sense of data /
_cChester L. Olson.
260 _aBoston :
_bAllyn and Bacon,
_cc1987.
300 _axv, 819, [103] p. :
_bill. ;
_c24 cm.
504 _aIncludes bibliographical references.
500 _aIncludes index.
650 0 _aStatistics.
907 _a.b10046963
_b21-11-12
_c17-04-03
003
005 20230123133219.0
040 _cNUST
942 _cBOOKS
_kQA276.12
_mOLS
999 _c144696
_d144696